000 00579 a2200169 4500
003 NUST
005 20251022103328.0
040 _cNust
082 _a621.382,HUS
100 _aHussain , PC Wajahat, (TE-40)
_9131367
245 _aReal -time transmission of ECG signals using GPRS network for supervision of cardiac patients (the care through air) /
_cPC Wajahat Hussain , PC Adnan Sana ,PC Hassan Naqvi , Capt Ali Rashid Mehmud
260 _aRawalpindi
_bMCS,NUST
_c2007
300 _a159, p;
650 _aUG Projects
_998716
651 _aTE-40
_9131368
942 _2ddc
_cPR
999 _c183541
_d183541